[Event "16th Sants Open 2014"]
[Site "Barcelona ESP"]
[Date "2014.08.27"]
[Round "6.52"]
[White "Kenneskog, Theodor"]
[Black "Del Amo Carbo, Jordi"]
[Result "1/2-1/2"]
[WhiteElo "2285"]
[BlackElo "2112"]
[WhiteFideId "1715011"]
[BlackFideId "2234777"]
[EventDate "2014.08.22"]

1. e4 e5 2. Nf3 Nc6 3. d4 exd4 4. Nxd4 Bc5 5. Be3 Qf6 6. Nb5 Bxe3 7. fxe3 Qd8 8.
Qg4 Kf8 9. Qf4 d6 10. Bc4 Nf6 11. O-O Ne5 12. Nd2 Qe7 13. Be2 a6 14. Nd4 Bd7 15.
h3 Ng6 16. Qf2 h6 17. g4 Ne5 18. Nf5 Bxf5 19. exf5 Rd8 20. Rae1 d5 21. Qf4 Nc6
22. c3 Qe5 23. Bf3 Kg8 24. Nb3 Kh7 25. Nc5 Rhe8 26. Re2 a5 27. Qxe5 Rxe5 28.
Nxb7 Rde8 29. Kf2 Ne4+ 30. Bxe4 dxe4 31. b4 axb4 32. cxb4 Nxb4 33. Rb1 Rb5 34.
Kg3 Rxb7 35. a3 c5 36. Reb2 Reb8 37. axb4 cxb4 38. Kf4 b3 39. Kxe4 g6 40. fxg6+
fxg6 41. Kd3 Rd7+ 42. Ke2 Rdb7 43. Rc1 Kg7 44. Rc4 Rb6 45. Kd2 Kf6 46. Rc5 1/2-1/2

[Event "16th Sants Open 2014"]
[Site "Barcelona ESP"]
[Date "2014.08.27"]
[Round "6.53"]
[White "Gruenter, Martin"]
[Black "Garcia Castellote, Oscar"]
[Result "1-0"]
[WhiteElo "2275"]
[BlackElo "2058"]
[WhiteFideId "24640352"]
[BlackFideId "2278898"]
[EventDate "2014.08.22"]

1. e4 c5 2. c3 d5 3. exd5 Qxd5 4. d4 cxd4 5. cxd4 Nc6 6. Nf3 Bg4 7. Nc3 Bxf3 8.
gxf3 Qxd4 9. Qxd4 Nxd4 10. Nb5 Nc2+ 11. Kd1 Nxa1 12. Nc7+ Kd7 13. Nxa8 g6 14.
Be3 Bh6 15. Bb5+ Kd6 16. Bxa7 Nf6 17. Nb6 Rd8 18. Ke2 Nc2 19. Rd1+ Kc7 20. Rxd8
Kxd8 21. Nc4 Nb4 22. Ne5 Bf4 23. Nxf7+ Kc7 24. Bc5 Nfd5 25. h4 Nxa2 26. Kd3 Bc1
27. Kc4 Bxb2 28. Kxd5 Nc3+ 29. Kc4 Nxb5 30. Kxb5 Bf6 31. Ng5 h5 32. Ne6+ Kc8 33.
Nf4 Bxh4 34. Nxg6 Bf6 35. Bxe7 Bd4 36. Bc5 Bf6 37. Be7 Bd4 38. Bh4 Kd7 39. Nf4
Kd6 40. Nxh5 Ke6 41. Nf4+ Kd6 42. Bg3 Kd7 43. Nd3 Kc8 44. Be5 Ba7 45. Nc5 Kd8
46. f4 1-0

[Event "16th Sants Open 2014"]
[Site "Barcelona ESP"]
[Date "2014.08.27"]
[Round "6.54"]
[White "Boix Moreno, Daniel"]
[Black "Martinez Gutierrez, Bernard"]
[Result "0-1"]
[WhiteTitle "FM"]
[WhiteElo "2267"]
[BlackElo "2061"]
[WhiteFideId "2207249"]
[BlackFideId "2229188"]
[EventDate "2014.08.22"]

1. e4 c5 2. Nf3 Nc6 3. Bb5 d6 4. O-O Bd7 5. Re1 a6 6. Bf1 Bg4 7. h3 Bxf3 8. Qxf3
Nf6 9. c3 e6 10. d3 Be7 11. Qd1 O-O 12. Nd2 Rc8 13. Nf3 Ne5 14. Nh2 Nc6 15. a3
Qb6 16. Rb1 Rfd8 17. Bd2 e5 18. c4 Qc7 19. Nf3 Nd7 20. b4 cxb4 21. axb4 b5 22.
cxb5 axb5 23. d4 exd4 24. Bxb5 Qb6 25. Bf1 Nce5 26. Qb3 h6 27. Nh2 Bh4 28. g3
Bf6 29. f4 Nc6 30. Bd3 Na7 31. Nf3 Nb5 32. e5 dxe5 33. fxe5 Rc3 34. Bxc3 dxc3+
35. Kg2 Nxe5 36. Rxe5 Nd4 37. Qa4 Bxe5 38. Nxe5 Qb7+ 39. Kf2 Ra8 40. Qd1 Ra2+
41. Ke3 c2 42. Qc1 cxb1=Q 43. Bxb1 Re2+ 44. Kxd4 Qxb4+ 45. Nc4 Re1 0-1

[Event "16th Sants Open 2014"]
[Site "Barcelona ESP"]
[Date "2014.08.27"]
[Round "6.55"]
[White "Granaldi, Alessandro"]
[Black "Lemeaux, David"]
[Result "0-1"]
[WhiteElo "2089"]
[BlackElo "2267"]
[WhiteFideId "816361"]
[BlackFideId "613843"]
[EventDate "2014.08.22"]

1. d4 Nf6 2. Nf3 e6 3. e3 d5 4. Bd3 c5 5. b3 Nc6 6. O-O Be7 7. Bb2 a6 8. c4 dxc4
9. bxc4 b6 10. Ne5 Bb7 11. f4 cxd4 12. Nxc6 Bxc6 13. exd4 b5 14. Nd2 O-O 15. Qe2
Re8 16. Nf3 bxc4 17. Bxc4 Qb6 18. Ne5 Bd5 19. Bd3 Bd6 20. Rf2 Qb7 21. Re1 Re7
22. g4 Bb4 23. g5 Bxe1 24. gxf6 Bxf2+ 25. Kxf2 gxf6 26. Ng4 f5 27. Nh6+ Kg7 28.
Ba3 Kxh6 0-1

[Event "16th Sants Open 2014"]
[Site "Barcelona ESP"]
[Date "2014.08.27"]
[Round "6.56"]
[White "Mazet, Julien"]
[Black "Aubry, Yannis"]
[Result "1/2-1/2"]
[WhiteElo "2088"]
[BlackElo "2251"]
[WhiteFideId "617954"]
[BlackFideId "20642407"]
[EventDate "2014.08.22"]

1. d4 d6 2. e4 Nf6 3. Nc3 g6 4. Nf3 Bg7 5. Be2 O-O 6. O-O Bg4 7. Be3 Nc6 8. d5
Nb8 9. h3 Bxf3 10. Bxf3 c6 11. Qd2 a5 12. Bh6 Bxh6 13. Qxh6 Nbd7 14. Qe3 a4 15.
a3 Ra5 16. Qd4 Qb6 17. Qxb6 Nxb6 18. Rfd1 Rc8 19. dxc6 bxc6 20. b4 Re5 21. Re1
d5 22. Bg4 e6 23. f4 Rxe4 24. Nxe4 Nxe4 25. Be2 Nc3 26. Bd3 c5 27. bxc5 Rxc5 28.
Kf2 d4 29. g4 Kg7 30. Re5 Rxe5 31. fxe5 Nd7 32. Re1 f6 33. exf6+ Kxf6 34. g5+
Ke7 35. h4 Nc5 36. h5 Nxd3+ 37. cxd3 gxh5 38. Rh1 Kf7 39. Rxh5 Kg6 40. Rh6+ Kf5
41. Rxh7 Kxg5 42. Kf3 Kf6 43. Ra7 e5 44. Kg4 Ke6 45. Ra6+ Kd5 46. Kf5 e4 47.
dxe4+ Nxe4 48. Rxa4 Nc5 1/2-1/2

[Event "16th Sants Open 2014"]
[Site "Barcelona ESP"]
[Date "2014.08.27"]
[Round "6.57"]
[White "Gurrutxaga Telleria, Jose Luis"]
[Black "Herrera Reyes, Jose Antonio"]
[Result "1-0"]
[WhiteElo "2082"]
[BlackElo "2239"]
[WhiteFideId "2250578"]
[BlackFideId "2274914"]
[EventDate "2014.08.22"]

1. d4 Nf6 2. c4 c5 3. d5 b5 4. cxb5 a6 5. Nc3 axb5 6. e4 b4 7. Nb5 d6 8. Bf4
Nbd7 9. Nf3 Ng4 10. Rc1 Qb6 11. a3 bxa3 12. bxa3 g6 13. Rb1 Qd8 14. h3 Nge5 15.
Nxe5 Nxe5 16. Bxe5 dxe5 17. Bc4 Qa5+ 18. Kf1 Bg7 19. d6 O-O 20. dxe7 Re8 21. Qd6
Ba6 22. Kg1 Rab8 23. Qd7 Qa4 24. Bxf7+ Kh8 25. Bxe8 Qxe4 26. Rd1 Bb7 27. Qg4 Qc2 1-0

[Event "16th Sants Open 2014"]
[Site "Barcelona ESP"]
[Date "2014.08.27"]
[Round "6.58"]
[White "Madiai, Federico"]
[Black "Ayala Abenza, Jose Luis"]
[Result "0-1"]
[WhiteElo "2234"]
[BlackElo "2056"]
[WhiteFideId "836230"]
[BlackFideId "2255294"]
[EventDate "2014.08.22"]

1. e4 e6 2. d4 d5 3. Nd2 Nf6 4. e5 Nfd7 5. f4 c5 6. c3 Nc6 7. Ndf3 Qb6 8. a3 Be7
9. b4 c4 10. a4 a6 11. h4 O-O 12. Qc2 f6 13. Nh3 fxe5 14. dxe5 Rd8 15. a5 Qa7
16. Qe2 Nf8 17. Rb1 d4 18. Kf2 b5 19. axb6 Qxb6 20. cxd4 Bxb4 21. Be3 Rd5 22.
Qc2 a5 23. Bxc4 Ne7 24. Nhg5 Bb7 25. Ne4 Nf5 26. Bxd5 Bxd5 27. Rhc1 Qd8 28. Nc5
Bxf3 29. Kxf3 Qxh4 30. Qf2 Qh5+ 31. g4 Qh3+ 32. Ke2 Qxg4+ 33. Qf3 Nxe3 34. Kxe3
Bd2+ 35. Ke2 Qxf3+ 36. Kxf3 Bxc1 37. Rxc1 a4 38. Ra1 a3 39. Ke4 Kf7 40. Ra2 h5
41. f5 h4 42. d5 exd5+ 43. Kxd5 h3 44. Nb3 Nh7 45. Ke4 Ra4+ 46. Kf3 Ng5+ 47. Kg3
Ke7 48. Na1 Nf7 49. Re2 Nh6 50. f6+ gxf6 51. exf6+ Kxf6 52. Kxh3 Nf5 53. Kg2 Rb4
54. Re1 Rb2+ 55. Kf3 a2 56. Re8 Rb1 57. Rf8+ Ke6 58. Nc2 Rf1+ 59. Ke2 Ng3+ 0-1

[Event "16th Sants Open 2014"]
[Site "Barcelona ESP"]
[Date "2014.08.27"]
[Round "6.59"]
[White "Vigo Allepuz, David"]
[Black "Simon Padros, Emili"]
[Result "1/2-1/2"]
[BlackTitle "FM"]
[WhiteElo "2059"]
[BlackElo "2218"]
[WhiteFideId "2226715"]
[BlackFideId "2205580"]
[EventDate "2014.08.22"]

1. d4 g6 2. c4 Bg7 3. Nf3 d6 4. g3 Nd7 5. Bg2 Ngf6 6. O-O O-O 7. Nc3 e5 8. e4 c6
9. h3 Qb6 10. dxe5 dxe5 11. Qe2 Qb4 12. a3 Qe7 13. b4 a5 14. Rb1 axb4 15. axb4
Ne8 16. Rd1 Nc7 17. c5 Ne6 18. Qc4 Nd4 19. Be3 Nxf3+ 20. Bxf3 Nf6 21. Bg2 Be6 1/2-1/2

[Event "16th Sants Open 2014"]
[Site "Barcelona ESP"]
[Date "2014.08.27"]
[Round "6.60"]
[White "Skutta, Bernd"]
[Black "Aronsson, Marten"]
[Result "0-1"]
[WhiteElo "2048"]
[BlackElo "2200"]
[WhiteFideId "4666950"]
[BlackFideId "1724223"]
[EventDate "2014.08.22"]

1. d4 d5 2. Nf3 Nf6 3. c4 c6 4. Qb3 Qb6 5. c5 Qc7 6. g3 Bf5 7. Bf4 Qc8 8. Nh4
Bd7 9. Bg2 h6 10. Nf3 g5 11. Be5 Bg7 12. Nc3 Bf5 13. Nd2 Nbd7 14. f4 O-O 15. e4
dxe4 16. Ndxe4 Nxe4 17. Bxg7 Nexc5 18. dxc5 Nxc5 19. Qc4 Nd3+ 20. Kf1 Kxg7 21.
fxg5 hxg5 22. Rd1 Nxb2 23. Qd4+ e5 0-1

[Event "16th Sants Open 2014"]
[Site "Barcelona ESP"]
[Date "2014.08.27"]
[Round "6.61"]
[White "Capellades Subirana, Marc"]
[Black "Yin, Stanley"]
[Result "1-0"]
[WhiteTitle "FM"]
[WhiteElo "2188"]
[BlackElo "2026"]
[WhiteFideId "2272245"]
[BlackFideId "24622729"]
[EventDate "2014.08.22"]

1. e4 b6 2. d4 e6 3. Ne2 Bb7 4. Ng3 Qh4 5. Nd2 Bd6 6. Nf3 Qg4 7. h3 Qg6 8. e5
Be7 9. Bf4 Ba6 10. Bxa6 Nxa6 11. c3 c6 12. Qe2 Nc7 13. Ne4 Nd5 14. g3 Nxf4 15.
gxf4 f5 16. Rg1 Qh5 17. Ned2 Nh6 18. Rxg7 Qxh3 19. Rg3 Qh1+ 20. Rg1 Qh5 21.
O-O-O Ng4 22. Rh1 Qf7 23. Ng5 Qf8 24. Nxh7 Qg7 25. Ng5 O-O-O 26. f3 Rxh1 27.
Rxh1 Nh6 28. Rh5 Kb7 29. Nc4 Qg6 30. Qh2 Nf7 31. Nxf7 Qxf7 32. Rh7 Qf8 33. Qh5
b5 34. Na5+ Kb6 35. Nb3 a5 36. Nd2 c5 37. d5 exd5 38. Qg6+ d6 39. Rf7 Qe8 40.
Qh7 1-0

[Event "16th Sants Open 2014"]
[Site "Barcelona ESP"]
[Date "2014.08.27"]
[Round "6.62"]
[White "Roig Grau, Jesus"]
[Black "Voloshin, Pavel"]
[Result "1-0"]
[WhiteElo "2183"]
[BlackElo "2015"]
[WhiteFideId "2229625"]
[BlackFideId "24168017"]
[EventDate "2014.08.22"]

1. d4 e6 2. Nf3 c5 3. e3 Nf6 4. Bd3 Be7 5. O-O b6 6. c3 Bb7 7. Nbd2 O-O 8. Qe2
d6 9. e4 Qc7 10. Re1 Rd8 11. a3 a5 12. Nf1 Ba6 13. Bxa6 Rxa6 14. Bg5 h6 15. Bf4
Qb7 16. h3 Ra7 17. Rac1 a4 18. g4 Qc8 19. Ng3 Nh7 20. d5 Kh8 21. Rcd1 Qa6 22.
Qc2 b5 23. e5 dxe5 24. Nxe5 Bf6 25. dxe6 Rxd1 26. Qxd1 g5 27. Nxf7+ Rxf7 28.
exf7 gxf4 29. Re8+ Kg7 30. Nh5+ Kxf7 31. Rxb8 1-0

[Event "16th Sants Open 2014"]
[Site "Barcelona ESP"]
[Date "2014.08.28"]
[Round "7.1"]
[White "Blomqvist, Erik"]
[Black "Sandipan, Chanda"]
[Result "1/2-1/2"]
[WhiteTitle "GM"]
[BlackTitle "GM"]
[WhiteElo "2506"]
[BlackElo "2619"]
[WhiteFideId "1709437"]
[BlackFideId "5004225"]
[EventDate "2014.08.22"]

1. e4 e5 2. Nf3 Nc6 3. Bb5 g6 4. d4 exd4 5. c3 dxc3 6. Nxc3 h6 7. Be3 Bg7 8. O-O
Nge7 9. Qd2 d6 10. Rfe1 a6 11. Ba4 Kf8 12. h3 Kg8 13. Rac1 Kh7 14. Nd5 Nxd5 15.
exd5 Ne5 16. Nxe5 dxe5 17. Qc3 Bd7 18. Bxd7 Qxd7 19. Qxc7 Qxd5 20. b3 Rad8 21.
Red1 Qxd1+ 22. Rxd1 Rxd1+ 23. Kh2 f5 24. Qxb7 Rhd8 25. Qxa6 Ra1 26. Bc5 e4 27.
Qa7 Kh8 28. Qe7 Rd5 29. Be3 Be5+ 30. g3 Bg7 31. Bxh6 Bxh6 32. Qe8+ Kg7 33. Qe7+
Kh8 34. Qe8+ Kg7 35. Qe7+ 1/2-1/2

[Event "16th Sants Open 2014"]
[Site "Barcelona ESP"]
[Date "2014.08.28"]
[Round "7.2"]
[White "Kraemer, Martin"]
[Black "Aloma Vidal, Robert"]
[Result "1-0"]
[WhiteTitle "GM"]
[BlackTitle "IM"]
[WhiteElo "2546"]
[BlackElo "2403"]
[WhiteFideId "4671910"]
[BlackFideId "2260409"]
[EventDate "2014.08.22"]

1. d4 Nf6 2. c4 e6 3. Nc3 Bb4 4. Qb3 c5 5. dxc5 Nc6 6. Nf3 Ne4 7. Bd2 Nxd2 8.
Nxd2 O-O 9. g3 b6 10. Bg2 Bb7 11. O-O bxc5 12. e3 Rb8 13. Rfd1 Na5 14. Qc2 Bxg2
15. Kxg2 Qc8 16. Nce4 Bxd2 17. Rxd2 Qc6 18. Kg1 f5 19. Nd6 a6 20. b3 Qf3 21. Qd1
Qa8 22. f4 Rb6 23. Qh5 Nc6 24. Rad1 Qd8 25. Qf3 Qe7 26. Qf2 e5 27. Rd5 exf4 28.
gxf4 Nd4 29. exd4 Rxd6 30. dxc5 Rg6+ 31. Kf1 Qe4 32. Re5 Qc6 33. Rdd5 a5 34. Qf3
h6 35. Rd3 Kh7 36. Qxc6 dxc6 37. Kf2 Rg4 38. Rd4 Rf6 39. h3 Rh4 40. Kg3 g5 41.
fxg5 Rxd4 42. gxf6 Kg6 43. Re6 a4 44. Rxc6 axb3 45. axb3 Rd3+ 46. Kf4 Rxb3 47.
Rd6 Rxh3 48. c6 Rh4+ 49. Ke5 Rxc4 50. Ke6 f4 51. Ke7 Re4+ 52. Re6 Rxe6+ 53. Kxe6
f3 54. f7 1-0

[Event "16th Sants Open 2014"]
[Site "Barcelona ESP"]
[Date "2014.08.28"]
[Round "7.3"]
[White "Comas Fabrego, Lluis"]
[Black "Cori, Jorge"]
[Result "1-0"]
[WhiteTitle "GM"]
[BlackTitle "GM"]
[WhiteElo "2508"]
[BlackElo "2630"]
[WhiteFideId "2200325"]
[BlackFideId "3802272"]
[EventDate "2014.08.22"]

1. e4 c5 2. Nf3 e6 3. Nc3 Nc6 4. d4 cxd4 5. Nxd4 Qc7 6. Be2 a6 7. O-O Nf6 8. Be3
Bb4 9. Nxc6 bxc6 10. f4 d5 11. e5 Nd7 12. Na4 O-O 13. c4 f6 14. exf6 Nxf6 15. c5
Ba5 16. Rc1 Rb8 17. a3 Qd8 18. Nb6 Nd7 19. Qa4 Bxb6 20. cxb6 c5 21. Bxc5 Nxc5
22. Rxc5 Qxb6 23. b4 Bb7 24. Qa5 Qd6 25. Qc7 Qxc7 26. Rxc7 Rf7 27. Rxf7 Kxf7 28.
Rc1 Rc8 29. Rxc8 Bxc8 30. Kf2 Kf6 31. Bd3 h6 32. Ke3 e5 33. fxe5+ Kxe5 34. g3
Bb7 35. Bf1 Bc8 36. Bd3 Bb7 37. a4 Bc8 38. a5 Bb7 39. Bf1 Bc8 40. Bd3 Bb7 41. b5
d4+ 42. Kf2 axb5 43. Bxb5 Kd6 44. a6 Bc8 45. a7 Bb7 46. Be2 Kc7 47. Bf3 Kb6 48.
a8=Q 1-0

[Event "16th Sants Open 2014"]
[Site "Barcelona ESP"]
[Date "2014.08.28"]
[Round "7.4"]
[White "Cuartas, Jaime Alexander"]
[Black "Vocaturo, Daniele"]
[Result "1/2-1/2"]
[WhiteTitle "GM"]
[BlackTitle "GM"]
[WhiteElo "2489"]
[BlackElo "2587"]
[WhiteFideId "4401190"]
[BlackFideId "813192"]
[EventDate "2014.08.22"]

1. e4 e6 2. d4 d5 3. exd5 exd5 4. Nf3 Nf6 5. Bg5 Be7 6. Nc3 O-O 7. Bd3 Nc6 8. h3
Nb4 9. O-O Nxd3 10. Qxd3 Be6 11. Rfe1 c6 12. Ne2 Nh5 13. Bxe7 Qxe7 14. Qd2 Qd6
15. Qg5 g6 16. g4 f6 17. Qd2 Ng7 18. c3 Rae8 19. Qh6 Bd7 20. Qf4 Qxf4 21. Nxf4
g5 22. Nd3 h5 23. Nh2 Kf7 24. Rxe8 Rxe8 25. Re1 Rxe1+ 26. Nxe1 hxg4 27. hxg4 Ne6
28. Nd3 b6 29. Nf1 c5 30. dxc5 bxc5 31. Nd2 Bb5 32. Ne1 Ke7 33. f3 Kd6 34. Kf2
Nf4 35. Ke3 Ke5 36. Nb3 Ne6 37. Nd2 d4+ 38. Kf2 Nf4 39. Ne4 Ne6 40. Nd2 Nf4 41.
Ne4 dxc3 42. Nxc3 Bc6 43. Ke3 c4 44. Nb1 Nd5+ 45. Kf2 Kd4 46. Nc2+ Kd3 47. Ne1+
Kd4 48. Nc2+ Kc5 49. Nc3 Nf4 50. Ne1 Kd4 51. Ne2+ Nxe2 52. Kxe2 Ba4 53. Kd2 a6
54. Ng2 Bc6 55. Ne1 Ba4 56. Ng2 Bc6 57. Ne1 Ba4 1/2-1/2

[Event "16th Sants Open 2014"]
[Site "Barcelona ESP"]
[Date "2014.08.28"]
[Round "7.5"]
[White "Peralta, Fernando"]
[Black "Martinez Romero, Martin"]
[Result "1/2-1/2"]
[WhiteTitle "GM"]
[BlackTitle "IM"]
[WhiteElo "2574"]
[BlackElo "2387"]
[WhiteFideId "105309"]
[BlackFideId "4404025"]
[EventDate "2014.08.22"]

1. d4 Nf6 2. c4 g6 3. Nc3 Bg7 4. e4 d6 5. Nf3 O-O 6. h3 c6 7. Be3 Nbd7 8. Nd2
Ne8 9. g4 Nc7 10. a4 d5 11. Nf3 dxe4 12. Nxe4 f5 13. gxf5 gxf5 14. Nc3 f4 15.
Bd2 e5 16. dxe5 Nxe5 17. Nxe5 Bxe5 18. Qe2 Bg7 19. O-O-O Ne6 20. Rg1 Kh8 21.
Rxg7 Nxg7 22. Bxf4 Qh4 23. Be5 Bf5 24. f4 Rad8 25. Rxd8 Rxd8 26. Ne4 Qh6 27. c5
Rd5 28. Nc3 Rd8 29. Ne4 Rd5 30. Nc3 Rd8 31. Ne4 1/2-1/2

[Event "16th Sants Open 2014"]
[Site "Barcelona ESP"]
[Date "2014.08.28"]
[Round "7.6"]
[White "Fier, Alexandr"]
[Black "Ducarmon, Quinten"]
[Result "1-0"]
[WhiteTitle "GM"]
[BlackTitle "IM"]
[WhiteElo "2570"]
[BlackElo "2479"]
[WhiteFideId "2107139"]
[BlackFideId "1025007"]
[EventDate "2014.08.22"]

1. d4 d5 2. c4 c6 3. Nc3 dxc4 4. e3 b5 5. a4 b4 6. Ne4 Qd5 7. Ng3 Nf6 8. Be2 e5
9. Nf3 exd4 10. exd4 Bd6 11. Nf1 c3 12. Ne3 Qe6 13. bxc3 Ne4 14. Bc4 Qf6 15.
cxb4 Bxb4+ 16. Kf1 O-O 17. Qc2 Re8 18. Ne5 Nd6 19. Bd3 Qh4 20. Bb2 a5 21. h3 Ba6
22. Bxa6 Rxa6 23. g3 Qe4 24. Qxe4 Nxe4 25. Kg2 c5 26. d5 f6 27. N5c4 Nd7 28.
Rhd1 Nb6 29. d6 Nxc4 30. Nxc4 Rd8 31. Rd3 Kf7 32. Rad1 Ng5 33. f4 Ne6 34. f5 Nd4
35. Bxd4 cxd4 36. Rxd4 Rc6 37. Kf3 Rc5 38. g4 h5 39. d7 hxg4+ 40. hxg4 Rc7 41.
g5 fxg5 42. Kg4 Kf8 43. Rh1 Kf7 44. Rhd1 Kf8 45. Ne5 Bc3 46. Ng6+ Kf7 47. Rc1
Bxd4 48. Rxc7 Bf6 49. Rc8 Rxd7 50. Rf8# 1-0

[Event "16th Sants Open 2014"]
[Site "Barcelona ESP"]
[Date "2014.08.28"]
[Round "7.7"]
[White "Novikov, Stanislav"]
[Black "Schroeder, Jan-Christian"]
[Result "0-1"]
[WhiteTitle "GM"]
[BlackTitle "FM"]
[WhiteElo "2562"]
[BlackElo "2367"]
[WhiteFideId "4125371"]
[BlackFideId "24662259"]
[EventDate "2014.08.22"]

1. e4 e5 2. Nf3 Nc6 3. d4 exd4 4. Nxd4 Bb4+ 5. c3 Bc5 6. Be3 Bb6 7. Qg4 Nf6 8.
Qxg7 Rg8 9. Qh6 Rg6 10. Qf4 d5 11. Bb5 Bd7 12. Bxc6 bxc6 13. exd5 Nxd5 14. Qe5+
Qe7 15. Qh8+ Qf8 16. Qe5+ Qe7 17. Qh8+ Qf8 18. Qxh7 O-O-O 19. Nd2 Bxd4 20. cxd4
Bf5 21. Qh5 Bg4 22. Qh4 Qb4 23. Rc1 Re8 24. Qg3 f5 25. Rc4 Qxb2 26. O-O Nxe3 27.
fxe3 Qxd2 28. h3 Rxe3 29. Qh4 Rxh3 30. Qe7 Qe3+ 31. Qxe3 Rxe3 0-1

[Event "16th Sants Open 2014"]
[Site "Barcelona ESP"]
[Date "2014.08.28"]
[Round "7.8"]
[White "Sowray, Peter J"]
[Black "Aroshidze, Levan"]
[Result "1/2-1/2"]
[WhiteTitle "FM"]
[BlackTitle "GM"]
[WhiteElo "2325"]
[BlackElo "2539"]
[WhiteFideId "400971"]
[BlackFideId "13601865"]
[EventDate "2014.08.22"]

1. d4 Nf6 2. c4 e6 3. Nc3 Bb4 4. e3 O-O 5. Ne2 c6 6. a3 Ba5 7. Qc2 d5 8. Ng3
Nbd7 9. Be2 dxc4 10. Bxc4 e5 11. O-O Bc7 12. Ba2 exd4 13. exd4 Nb6 14. Rd1 Nfd5
15. Nce4 f5 16. Ng5 Qf6 17. b4 Kh8 18. Re1 Bd7 19. Bd2 Bd6 20. Qd3 Rae8 21. Rad1
Bc7 22. Bb1 g6 23. h4 Rxe1+ 24. Rxe1 Re8 25. Rxe8+ Bxe8 26. Qe2 Qe7 27. Ne6 Bf7
28. Nxc7 Qxe2 29. Nxe2 Nxc7 30. Nf4 Nc4 31. Bc1 Nb5 32. Ba2 Kg8 33. Bxc4 Bxc4
34. Bb2 Kf7 35. f3 h6 36. Kf2 g5 37. hxg5 hxg5 38. Nh3 Kg6 39. g3 Bd5 40. Ng1 g4
41. Ke3 Nd6 42. Kf4 Bxf3 43. Nxf3 gxf3 44. Kxf3 Nc4 45. Bc1 b5 46. Kf4 Kf6 47.
Kf3 Ke6 48. Kf4 Nd6 49. Kg5 Ne4+ 50. Kf4 Kd5 51. Be3 a6 52. Bc1 Kxd4 53. Bb2+
Kd5 54. Bg7 Nd6 55. Bf8 Ne4 56. Bg7 Nd6 57. Bf8 Ne4 1/2-1/2

[Event "16th Sants Open 2014"]
[Site "Barcelona ESP"]
[Date "2014.08.28"]
[Round "7.9"]
[White "Narciso Dublan, Marc"]
[Black "Garriga Cazorla, Pere"]
[Result "1-0"]
[WhiteTitle "GM"]
[WhiteElo "2515"]
[BlackElo "2196"]
[WhiteFideId "2201500"]
[BlackFideId "32011601"]
[EventDate "2014.08.22"]

1. d4 Nf6 2. c4 e6 3. Nc3 Bb4 4. Qc2 c5 5. dxc5 Na6 6. a3 Bxc3+ 7. Qxc3 Nxc5 8.
f3 d5 9. cxd5 b6 10. Bg5 exd5 11. e3 O-O 12. Bxf6 Qxf6 13. Qxf6 gxf6 14. Rd1 Be6
15. Ne2 a6 16. Nd4 b5 17. Kd2 Rfc8 18. Rc1 Nd7 19. Be2 Nb6 20. b3 Kf8 21. g4 Ke7
22. Bd3 h6 23. Rhg1 Rxc1 24. Rxc1 Rc8 25. Rxc8 Bxc8 26. Kc3 Kd6 27. Kb4 Na8 28.
Ka5 Nc7 29. Kb6 Na8+ 30. Ka7 Nc7 31. Kb8 Bd7 32. b4 Ne6 33. Kb7 Ke5 34. f4+ 1-0

[Event "16th Sants Open 2014"]
[Site "Barcelona ESP"]
[Date "2014.08.28"]
[Round "7.10"]
[White "Bromberger, Stefan"]
[Black "Urriza Iricibar, Pablo"]
[Result "1-0"]
[WhiteTitle "IM"]
[WhiteElo "2510"]
[BlackElo "2140"]
[WhiteFideId "4635248"]
[BlackFideId "22252908"]
[EventDate "2014.08.22"]

1. d4 c5 2. d5 Nf6 3. c4 e6 4. Nc3 exd5 5. cxd5 d6 6. Nf3 g6 7. h3 Bg7 8. e4 O-O
9. Bd3 Re8 10. O-O c4 11. Bxc4 Nxe4 12. Nxe4 Rxe4 13. Bg5 Qf8 14. Qc2 Re8 15.
Rae1 Bf5 16. Qa4 Nd7 17. Rxe8 Qxe8 18. Bb5 Qc8 19. Rc1 Nc5 20. Qf4 Bxb2 21. Re1
Qf8 22. Be7 Qg7 23. Bxd6 Nd3 24. Bxd3 Bxd3 25. Be5 Bxe5 26. Nxe5 g5 27. Qf3 Bg6
28. d6 Rd8 29. d7 f6 30. Qd5+ Kh8 31. Nxg6+ Qxg6 32. Qb5 1-0

[Event "16th Sants Open 2014"]
[Site "Barcelona ESP"]
[Date "2014.08.28"]
[Round "7.11"]
[White "Bogner, Sebastian"]
[Black "Lillo Castany, Victor"]
[Result "1-0"]
[WhiteTitle "GM"]
[BlackTitle "FM"]
[WhiteElo "2603"]
[BlackElo "2319"]
[WhiteFideId "4692055"]
[BlackFideId "2278995"]
[EventDate "2014.08.22"]

1. Nf3 d5 2. e3 Nf6 3. c4 c6 4. d4 e6 5. Bd3 Nbd7 6. O-O dxc4 7. Bxc4 b5 8. Bd3
Bb7 9. e4 a6 10. a4 Be7 11. Qe2 b4 12. Bg5 c5 13. Nbd2 cxd4 14. e5 Nd5 15. Nc4
O-O 16. Qe4 g6 17. Qh4 Nc5 18. Rad1 Bc6 19. a5 Bb5 20. Nb6 Ra7 21. Bxb5 axb5 22.
Rxd4 Nb3 23. Nxd5 exd5 24. Rxb4 Nd2 25. Bxe7 Nxf3+ 26. gxf3 Rxe7 27. Rxb5 Qd7
28. Rxd5 Qxd5 29. Qxe7 Qxf3 30. Qg5 Rb8 31. Qg3 Qe2 32. e6 Rxb2 33. exf7+ Kxf7
34. Rc1 Rb7 35. Qf4+ Kg7 36. Qd4+ Kh6 37. Qe3+ Qxe3 38. fxe3 Ra7 39. Rc5 Kg7 40.
Kf2 Kf6 41. Kf3 Ke6 42. Ke4 Kd6 43. Kd4 Rb7 44. a6 Ra7 45. Ra5 Kc6 46. Ra3 Kd6
47. Ra5 Kc6 48. Ke5 Kb6 49. Ra3 1-0

[Event "16th Sants Open 2014"]
[Site "Barcelona ESP"]
[Date "2014.08.28"]
[Round "7.12"]
[White "Sanchez, Sebastian Felipe"]
[Black "Alsina Leal, Daniel"]
[Result "0-1"]
[WhiteTitle "IM"]
[BlackTitle "GM"]
[WhiteElo "2391"]
[BlackElo "2550"]
[WhiteFideId "4403304"]
[BlackFideId "2252627"]
[EventDate "2014.08.22"]

1. e4 c5 2. Nf3 d6 3. d4 cxd4 4. Nxd4 Nf6 5. Nc3 a6 6. Bg5 e6 7. f4 Qc7 8. Bd3
b5 9. Qe2 b4 10. Nb1 Nbd7 11. Nd2 Be7 12. O-O-O Bb7 13. Kb1 Nc5 14. f5 e5 15.
N4b3 O-O 16. g4 Nxd3 17. cxd3 Rfc8 18. Rc1 Qd8 19. Be3 Rxc1+ 20. Rxc1 Nd7 21.
Nc4 a5 22. Qf3 a4 23. Nbd2 a3 24. g5 axb2 25. Rc2 d5 26. exd5 Bxg5 27. Rxb2 Bxe3
28. Qxe3 Bxd5 29. Rxb4 Qf6 30. Rb5 Bxc4 31. dxc4 Qxf5+ 32. Qe4 Qxe4+ 33. Nxe4 f5
34. Nd6 f4 35. c5 f3 36. Ne4 Nf6 37. Nd2 e4 38. c6 Rc8 39. Rc5 f2 40. Nf1 Kf7
41. Kc2 Ke6 42. Kd2 Nd5 43. Ke2 Kd6 44. Rc1 Ra8 45. Kxf2 Rxa2+ 46. Kg3 Kc7 47.
Rc5 Ra3+ 48. Kf2 Rf3+ 49. Kg1 Kd6 50. Rc2 Rxf1+ 51. Kxf1 Ne3+ 52. Ke2 Nxc2 53.
Kd2 Kxc6 54. Kxc2 Kd5 55. Kd2 Kd4 56. Ke2 e3 0-1